| 000 | 02359nam a2200493 i 4500 | ||
|---|---|---|---|
| 001 | ebr10883689 | ||
| 003 | CaPaEBR | ||
| 006 | m o d | ||
| 007 | cr cn||||||||| | ||
| 008 | 140628t20132013ilua ob 001 0 eng d | ||
| 020 | _z9780838911259 | ||
| 020 | _a9780838996607 (e-book) | ||
| 040 |
_aCaPaEBR _beng _erda _epn _cCaPaEBR |
||
| 035 | _a(OCoLC)884589693 | ||
| 043 | _an-us--- | ||
| 050 | 1 | 4 |
_aZ711.92.C37 _b.S76 2013eb |
| 082 | 0 | 4 |
_a025.5/6 _223 |
| 100 | 1 |
_aStoltz, Dorothy, _eauthor. |
|
| 245 | 1 | 0 |
_aEvery child ready for school : _bhelping adults inspire young children to learn / _cDorothy Stoltz, Elaine M. Czarnecki, and Connie Wilson ; cover design by Kirstin Krutsch ; text design by Mary Bowers. |
| 264 | 1 |
_aChicago, [Illinois] : _bALA Editions, _c2013. |
|
| 264 | 4 | _c�2013 | |
| 300 |
_a1 online resource (158 pages) : _billustrations |
||
| 336 |
_atext _2rdacontent |
||
| 337 |
_acomputer _2rdamedia |
||
| 338 |
_aonline resource _2rdacarrier |
||
| 504 | _aIncludes bibliographical references and index. | ||
| 588 | _aDescription based on print version record. | ||
| 590 | _aElectronic reproduction. Palo Alto, Calif. : ebrary, 2014. Available via World Wide Web. Access may be limited to ebrary affiliated libraries. | ||
| 610 | 2 | 0 | _aCarroll County Public Library. |
| 650 | 0 |
_aLibraries and caregivers _zUnited States _vCase studies. |
|
| 650 | 0 |
_aLibraries and preschool children _zUnited States _vCase studies. |
|
| 650 | 0 |
_aEarly childhood education _xParent participation _zUnited States _vCase studies. |
|
| 650 | 0 |
_aReadiness for school _zUnited States _vCase studies. |
|
| 650 | 0 |
_aChild care workers _xTraining of _zUnited States _vCase studies. |
|
| 650 | 0 |
_aPreschool children _xBooks and reading _zUnited States. |
|
| 655 | 0 | _aElectronic books. | |
| 700 | 1 |
_aCzarnecki, Elaine M., _eauthor. |
|
| 700 | 1 |
_aWilson, Connie, _d1946- _eauthor. |
|
| 700 | 1 |
_aKrutsch, Kirstin, _ecover designer. |
|
| 700 | 1 |
_aBowers, Mary, _edesigner. |
|
| 776 | 0 | 8 |
_iPrint version: _aStoltz, Dorothy. _tEvery child ready for school : helping adults inspire young children to learn. _dChicago, [Illinois] : ALA Editions, c2013 _hix, 137 pages _z9780838911259 _w2012027259 |
| 797 | 2 | _aebrary. | |
| 856 | 4 | 0 |
_uhttp://site.ebrary.com/lib/rucke/Doc?id=10883689 _zAn electronic book accessible through the World Wide Web; click to view |
| 999 |
_c162260 _d162260 |
||